Radio science observing (Record no. 16560)

MARC details
000 -LEADER
fixed length control field 00499nam a2200169Ia 4500
003 - CONTROL NUMBER IDENTIFIER
control field IN-BaIIA
008 - FIXED-LENGTH DATA ELEMENTS--GENERAL INFORMATION
fixed length control field 211028s9999 xx 000 0 eng d
020 ## - INTERNATIONAL STANDARD BOOK NUMBER
International Standard Book Number 0-7906-1172-4
040 ## - CATALOGING SOURCE
Transcribing agency IIA Library
080 ## - UNIVERSAL DECIMAL CLASSIFICATION NUMBER
Universal Decimal Classification number 52-77
Item number CAR
100 ## - MAIN ENTRY--PERSONAL NAME
Personal name Carr, Joseph J.
9 (RLIN) 30761
245 #0 - TITLE STATEMENT
Title Radio science observing
Remainder of title vol. 2
Statement of responsibility, etc. Joseph J. Carr
260 ## - PUBLICATION, DISTRIBUTION, ETC.
Place of publication, distribution, etc. Indianapolis
Name of publisher, distributor, etc. Prompt Publications
Date of publication, distribution, etc. 1999
300 ## - PHYSICAL DESCRIPTION
Extent xiv, 418p.
650 ## - SUBJECT ADDED ENTRY--TOPICAL TERM
Topical term or geographic name entry element Radio science
9 (RLIN) 5263
942 ## - ADDED ENTRY ELEMENTS (KOHA)
Koha item type Books
Holdings
Withdrawn status Lost status Damaged status Not for loan Home library Current library Shelving location Date acquired Source of acquisition Cost, normal purchase price Total Checkouts Full call number Barcode Date last seen Cost, replacement price Price effective from Koha item type Purchase Price
        IIA Library-Bangalore IIA Library-Bangalore General Stacks 06/08/2007 BLA 2474.47   52-77/ CAR 17482 05/11/2021 2474.47 06/08/2007 Books Rs. 2474.47

Powered by Koha